Catalog

Record Details

Catalog Search



Leonardo da Vinci. První díl  Cover Image Book Book

Leonardo da Vinci. První díl / Dmitrij Merežkovskij ; [přeložila Anna Tesková]

Record details

  • Physical Description: 288 s.
  • Edition: V Lidovém nakl. 1. vyd.
  • Publisher: Praha : Lidové nakladatelství, 1969

Content descriptions

General Note:
První díl druhé části trilogie Kristus a Antikrist
Subject: Leonardo, da Vinci, 1452-1519
osobnosti
ruská literatura

Available copies

  • 1 of 1 copy available at Common Catalog SPOK.

Holds

  • 0 current holds with 1 total copy.
Show All Copies
Location Call Number / Copy Notes Barcode Shelving Location Status Due Date
KDS Library 929 MeD 204576803310 Library Available -

LDR 01645nam a22004813a 4500
00122692
003CZ-PrJAB
00520150724110904.0
007ta
008980212s1969 xr cze d
015 . ‡acnb000425579
035 . ‡a(CZ PrSKC)m0142005
035 . ‡a(OCoLC)85222738
040 . ‡aCBA001 ‡bcze
080 . ‡a7.07 ‡2MRF
080 . ‡a75 ‡2MRF
080 . ‡a821.161.1-31 ‡2MRF
080 . ‡a929 ‡2MRF
1001 . ‡aMerežkovskij, Dmitrij Sergejevič, ‡d1865-1941 ‡7jn19990210422 ‡4aut
24510. ‡aLeonardo da Vinci. ‡nPrvní díl / ‡cDmitrij Merežkovskij ; [přeložila Anna Tesková]
250 . ‡aV Lidovém nakl. 1. vyd.
260 . ‡aPraha : ‡bLidové nakladatelství, ‡c1969
300 . ‡a288 s.
4901 . ‡aLidová knihovna ; ‡vsv. 13
500 . ‡aPrvní díl druhé části trilogie Kristus a Antikrist
60007. ‡aLeonardo, ‡cda Vinci, ‡d1452-1519 ‡7jn19990005005 ‡2czenas
650 7. ‡aosobnosti ‡7ph115615 ‡2czenas
650 7. ‡aruská literatura ‡7ph125327 ‡2czenas
7001 . ‡aTesková, Anna, ‡d1872-1954 ‡7jk01132294 ‡4trl
7650 . ‡tVokresšije bogi, Leonardo da Vinči ‡9Česky
830 0. ‡aLidová knihovna
900 . ‡aCBA001 ‡b15
910 . ‡aABE463
998 . ‡a000435615
901 . ‡a22692 ‡b ‡c22692 ‡tbiblio

Additional Resources